Responses for Show #8510 - Friday, November 12, 2021

Andrew He game 3.

Contestants

[<< previous game]

Brennan Harkin, a business analyst from Cambridge, Massachusetts

Dorothy Lam Frey, a radiologist from Chicago, Illinois

Andrew He, a software developer from San Francisco, California (whose 2-day cash winnings total $72,301)

[next game >>]

Jeopardy! Round responses

GOOD DEEDS
20th CENTURY FICTION
DISNEY+
(Ken: All the programs in the category streaming on Disney+.)
AROUND THE HOUSE
200 YEARS AGO
AMERICAN HERITAGE DICTIONARY PREFERRED PLURALS
(Ken: None of them will end with the letter S.)
    $200 30
Dolly Parton

Dorothy
    $200 5
[NOTE: Dorothy did not include the leading article in her correct response.]

The Catcher in the Rye

Dorothy
    $200 29
(Ken: That's [*], that alligator.)

a Loki

Triple Stumper
    $200 27
hearth

Andrew
    $200 13
Napoleon

Andrew
    $200 28
nuclei

Andrew
    $400 24
(Brennan: What is the Constitution?)

the Declaration of Independence

AndrewBrennan
    $1,000 6
(Ken: Dorothy?)
(Dorothy: I'm not sure.)

The Exorcist

Dorothy
    $400 26
the Millennium Falcon

Brennan
    $400 25
a clawfoot bathtub

Brennan
    $400 21
Mexico

Andrew
    $400 23
(Ken: [Chuckling] Everybody was too scared to try, it is actually what you might think; just [*] is the plural of [*].)
[Laughter]

tuna

Triple Stumper
    $600 16
the spine

Andrew
    $600 7
Firestarter

Andrew
    $600 19
(Brennan: What is The Secret Life of Pets?)

Up

AndrewBrennan
    $600 17
a fuse

Andrew
    $600 20
Jackson

Dorothy
    $600 22
X

Andrew
    $800 15
(Ken: That's a [*] policy.)

no kill

Triple Stumper
    $800 8
The Color Purple

Brennan
    $800 18
Turner & Hooch

Andrew
    $800 11
a cornice

Triple Stumper
    $800 12
Amherst

Dorothy
    $800 14
runners-up

Andrew
    $1000 4
(Brennan: What is the Shriner's Hospital?)
(Dorothy: What is [*]'s?)

St. Jude

DorothyBrennan
    $1000 9
Finnegans Wake

Andrew
    $1000 10
the Mayans

Andrew
    $1000 1
the Conservatory

Triple Stumper
    $1000 2
(Brennan: Who is Ross?)

(Elizabeth Ann) Seton

AndrewBrennan
    $1000 3
(Dorothy: What is genii?)

genera

AndrewDorothy

Scores at the first commercial break (after clue 16):

Andrew Dorothy Brennan
$6,200 $0 -$1,200

Scores at the end of the Jeopardy! Round:

Andrew Dorothy Brennan
$10,000 $800 -$1,400

Double Jeopardy! Round responses

THE CIVIL RIGHTS MOVEMENT
MOVIES BY OSCAR-WINNING SONGS
TRAIN STATIONS
SYNONYMS
MUSICAL INSTRUMENTS
"A" IN SCIENCE
    $400 30
Parks

Andrew
    $400 27
A Star is Born

Andrew
    $400 29
(Ken: He was Scottish. What is [*]?)

Edinburgh

Triple Stumper
    $400 28
staples

Brennan
    $400 26
(Ken: Less than a minute to go.)

jingles

Andrew
    $400 14
antibodies

Brennan
    $800 23
the March on Washington

Brennan
    $800 25
8 Mile

Andrew
    $800 24
(Ken: It's [*], and it's in the north part of Paris.)

the Gare du Nord

Triple Stumper
    $800 21
an oracle

Triple Stumper
    $800 22
reeds

Andrew
    $800 13
amphibian

Dorothy
    $1200 7
Marshall

Andrew
    $1200 12
Dirty Dancing

Dorothy
    $1200 18
Belgium

Andrew
    $1200 16
a throng

Triple Stumper
    $1200 8
(Dorothy: What are violins?)

violas

AndrewDorothy
    $1200 9
acceleration

Andrew
    $1600 6
Racial Equality

Brennan
    $1600 17
The Poseidon Adventure

Triple Stumper
    $6,000 2
(Andrew: What's Union Station?)
(Ken: No, I'm sorry, it was [*], which was demolished in the '60s and then rebuilt.)

Penn Station

Andrew
    $4,000 10
weasel

Andrew
    $1600 5
harpsichord

Andrew
    $1600 4
amplitude

Andrew
    $2000 1
the Little Rock Nine

Andrew
    $2000 20
(Ken: Yeah, that was a toughie, The Big [*] of 1938.)

Broadcast

Triple Stumper
    $2000 19
(Ken: Because all that ornamentation, he was [*].)

Gingerbread George

Triple Stumper
    $2000 15
Draconian

Andrew
    $2000 11
a soprano sax

Andrew
    $2000 3
the anther

Triple Stumper

Scores at the end of the Double Jeopardy! Round:

Andrew Dorothy Brennan
$24,800 $1,600 $1,800
(lock game)

[wagering suggestions for these scores]

Final Jeopardy! Round responses

CONTEMPORARY PLAYWRIGHTS
(Ken: [To Andrew] [*]'s Rosencrantz and Guildenstern are Dead was his Hamlet-inspired work.)
DorothyWho is Miller?
$1,000
BrennanWho Arthur Miller
$1,700
AndrewWho is Stoppard?
$10,000
(Tom) Stoppard

Final scores:

Andrew Dorothy Brennan
$34,800 $600 $100
3-day champion: $107,101 2nd place: $2,000 3rd place: $1,000

Game dynamics:

Coryat scores:

Andrew Dorothy Brennan
$28,400 $2,600 $1,800
31 R
(including 1 DD),
1 W
(including 1 DD)
7 R,
3 W
(including 1 DD)
7 R,
4 W

Combined Coryat: $32,800

[game clues] [game scores] [suggest correction]

Game tape date: 2021-09-27
The J! Archive is created by fans, for fans. Scraping, republication, monetization, and malicious use prohibited; this site may use cookies and collect identifying information. See terms. The Jeopardy! game show and all elements thereof, including but not limited to copyright and trademark thereto, are the property of Jeopardy Productions, Inc. and are protected under law. This website is not affiliated with, sponsored by, or operated by Jeopardy Productions, Inc. Join the discussion at JBoard.tv.